000 00464nam a2200169Ia 4500
999 _c28247
_d28247
003 OSt
005 20201204130804.0
008 190216s9999||||xx |||||||||||||| ||und||
040 _coclc
082 _a894.8123
_bGEO/T
100 _aGeorge, P A
_97216
245 0 _aThazhvara /
_cP A George
260 _bPoorna Publications,
_c1986.
_aKozhikode:
300 _a108p
650 _aNovel
942 _cBK
_2ddc
_h894.8123
_iGEO/T
_k894.8123
_mGEO/T